| 000 | 00499nam a2200193Ia 4500 | ||
|---|---|---|---|
| 008 | 180207s9999 xx 000 0 und d | ||
| 020 | _a9780545099059 | ||
| 050 | _bC477 2008 | ||
| 100 | _aCharlesworth, Liza | ||
| 245 | _aMy very best manners / | ||
| 245 | _cLiza Charlesworth ; illustrated by Mick Reid. | ||
| 260 | _aNew York : | ||
| 260 | _bScholastic, | ||
| 260 | _c2008 | ||
| 300 | _a16 pages : | ||
| 300 | _bcolor illustration ; | ||
| 300 | _c19cm. | ||
| 440 | _aGrowing up great! | ||
| 999 |
_c355368 _d355368 |
||